000 00350nam a2200145Ia 4500
008 150201s2014 xx 000 0 und d
082 _a617
_bM14S
100 _aSHENOY, K. RAJGOPAL
245 _aMANIPAL MANUAL OF SURGERY
250 _a4TH
260 _bCBS PUB.
_aDELHI
_c2014
300 _a1-1193
650 _aGENERAL SURGERY
942 _2ddc
_cBK
_07
999 _c1831
_d1831